Città più popolose Emilia-Romagna - Statistics

Statistiche generali
  • Questo quiz è stato fatto 246 volte
    60 dall'ultimo reset
  • Il punteggio medio è 15 su 20
Statistiche sulle risposte
Popolazione Provincia Città % Corretto
95 990 Forlì-Cesena Cesena
100%
139 601 Rimini Rimini
100%
371 337 Bologna Bologna
98%
132 545 Ferrara Ferrara
98%
116 434 Forlì-Cesena Forlì
98%
179 149 Modena Modena
98%
175 895 Parma Parma
98%
100 311 Piacenza Piacenza
98%
153 740 Ravenna Ravenna
98%
162 082 Reggio Emilia Reggio Emilia
98%
67 892 Bologna Imola
76%
34 536 Rimini Riccione
74%
39 885 Modena Sassuolo
68%
67 268 Modena Carpi
66%
57 748 Ravenna Faenza
58%
32 062 Ravenna Lugo
42%
35 173 Bologna Casalecchio di Reno
38%
34 723 Ferrara Cento
30%
33 667 Modena Formigine
24%
31 656 Modena Castelfranco Emilia
22%
Nessun quiz corrispondente trovato
Distribuzione punteggi
Percentuale di utenti per punteggio
Percentile per numero di risposta
I tuoi punteggi nel tempo
Non hai fatto questo quiz dall'ultimo reset